000 00264nam a2200109Ia 4500
008 220204s9999 xx 000 0 und d
082 _a82-3
_bMAC
100 _aMacInnes, Helen
245 0 _aNeither five nor three
260 _aNew York
_bFawcett
_c1979
942 _cBK
999 _c37497
_d37497